000 00468nam a2200157Ia 4500
008 250916s9999 xx 000 0 und d
020 _a978-1-032-11910-6
082 _a005.133 BAE
100 _aBaez-Lopez, David
245 0 _aIntroduction to python:
_bwith applications in optimization, image and video processing, and machine learning
250 _a1st
260 _aNew York:
_bCRC Press,
_c2024
300 _a436 p.
600 _aComputer Science
942 _cBK
999 _c31601
_d31601